| 000 | 00378nam a2200133Ia 4500 | ||
|---|---|---|---|
| 008 | 211109s9999||||xx |||||||||||||| ||und|| | ||
| 082 |
_a894.8122 _bRAJ-M |
||
| 100 | _aRaja Raja Varma, A R | ||
| 245 | 0 | _aMalayala Sakunthalam | |
| 260 |
_bSahithya Pravarthaka... _aKottayam |
||
| 630 | _xGENERAL STACK | ||
| 650 |
_aMALAYALAM LITERATURE _vMALAYALAM DRAMAGeneralia |
||
| 942 | _cBOOK | ||
| 999 |
_c70624 _d70624 |
||